| 000 | 01264nmm a2200373 a 4500 | ||
|---|---|---|---|
| 003 | AR-BaBNM | ||
| 005 | 20251128204921.0 | ||
| 008 | 166019s1995 ||||||||||||||000 | spa|| | ||
| 020 | _a950-00-0019-9 | ||
| 040 | _cAR-BaBNM | ||
| 110 | 1 |
_aArgentina _bMinisterio de Cultura y Educación _bSecretaría de Programación y Evaluación Educativa |
|
| 245 | 1 | 0 | _aContenidos básicos comunes para el nivel inicial |
| 250 | _a1ª ed. | ||
| 260 |
_aBuenos Aires _bMinisterio de Cultura y Educación de la Nación _c1995 |
||
| 300 | _a105 p. | ||
| 500 | _aAutoridades responsables de los Contenidos Básicos Comunes son: Susana Decibe, Inés Aguerrondo, Cecilia Braslavsky, Alfredo Van Gelderen, Edudardo Slomiansky | ||
| 500 | _aDocumentación de base: p. 97 | ||
| 500 | _aAnexos: p. 101-105 | ||
| 650 | 4 | _aMATEMATICA | |
| 650 | 4 | _aCIENCIAS SOCIALES | |
| 650 | 4 | _aCIENCIAS NATURALES | |
| 650 | 4 | _aTECNOLOGIA | |
| 650 | 4 | _aLENGUA | |
| 650 | 4 | _aMUSICA | |
| 650 | 4 | _aEDUCACION ARTISTICA | |
| 653 | _aEDUCACION INICIAL | ||
| 653 | _aCONTENIDOS BASICOS COMUNES | ||
| 653 | _aCONTENIDOS CONCEPTUALES | ||
| 653 | _aCONTENIDOS ACTITUDINALES | ||
| 653 | _aCONTENIDOS PROCEDIMENTALES | ||
| 653 | _aEXPRESION CORPORAL | ||
| 942 | _cBK | ||
| 998 | _cGrace | ||
| 999 |
_c9321 _d9321 |
||